Skojarzenia wojewódzkie - Statystyki

Ogólne statystyki
  • Ten quiz został rozwiązany 22 razy
  • Średni wynik to 71 z 96
Statystyki odpowiedzi
Zagadnienie Komórka Select % Poprawnych
Zachodniopomorskie Tak
100%
Zachodniopomorskie Nie
100%
Pomorskie Nie
100%
Pomorskie Nie
100%
Lubuskie Nie
100%
Dolnośląskie Tak
100%
Dolnośląskie Nie
100%
Opolskie Nie
100%
Śląskie Nie
100%
Śląskie Tak
100%
Podkarpackie Nie
100%
Podkarpackie Tak
100%
Podkarpackie Nie
100%
Podkarpackie Barlinecki Park Krajobrazowy Nie
100%
Zachodniopomorskie Białystok Nie
100%
Zachodniopomorskie Bodzentyn Nie
100%
Dolnośląskie Brzeg Dolny Tak
100%
Pomorskie Ciechocinek Nie
100%
Podkarpackie Drezdenko Nie
100%
Lubuskie Dunajec Nie
100%
Podkarpackie Gdańsk Nie
100%
Dolnośląskie Jezioro Bugaj Nie
100%
Zachodniopomorskie Jezioro Gopło Nie
100%
Pomorskie Jezioro Łebsko Tak
100%
Mazowieckie Jezioro Śniardwy Nie
100%
Podkarpackie Jezioro Śniardwy Nie
100%
Śląskie Jezioro Solińskie Nie
100%
Śląskie Katowice Tak
100%
Opolskie Krajenka Nie
100%
Pomorskie Krzesiński Park Krajobrazowy Nie
100%
Śląskie Łódź Nie
100%
Dolnośląskie Lublin Nie
100%
Śląskie Miasteczko Krajeńskie Nie
100%
Pomorskie Olsztyn Nie
100%
Lubuskie Opalenica Nie
100%
Podkarpackie Pilica Nie
100%
Mazowieckie Powiat Jarosławski Nie
100%
Pomorskie Powiat Kaliski Nie
100%
Podkarpackie Powiat Kętrzyński Nie
100%
Opolskie Powiat Ropczycko-Sędziszowski Nie
100%
Śląskie Powiat Tarnogórski Tak
100%
Śląskie Powiat Wolsztyński Nie
100%
Lubuskie Przemkowski Park Krajobrazowy Nie
100%
Mazowieckie Puszcza Notecka Nie
100%
Podkarpackie Rzeszów Tak
100%
Dolnośląskie San Nie
100%
Podkarpackie San Tak
100%
Zachodniopomorskie Sobiborski Park Krajobrazowy Nie
100%
Zachodniopomorskie Szczecin Tak
100%
Opolskie Szczecin Nie
100%
Mazowieckie Toruń Nie
100%
Lubuskie Warszawa Nie
100%
Mazowieckie Warszawa Tak
100%
Pomorskie Warta Nie
100%
Mazowieckie Warta Nie
100%
Dolnośląskie Wdzydzki Park Krajobrazowy Nie
100%
Śląskie Wisłok Nie
100%
Opolskie Wisłoka Nie
100%
Dolnośląskie Wrocław Tak
100%
Opolskie Załęczański Park Krajobrazowy Nie
100%
Pomorskie Zalew Sulejowski Nie
100%
Dolnośląskie Zaniemyśl Nie
100%
Wielkopolskie Nie
91%
Wielkopolskie Poznań Tak
91%
Wielkopolskie Przedborski Park Krajobrazowy Nie
91%
Wielkopolskie Warta Tak
91%
Wielkopolskie Wisła Nie
91%
Wielkopolskie Wrocław Nie
91%
Mazowieckie Nie
88%
Mazowieckie Tak
88%
Mazowieckie Nie
88%
Opolskie Nie
88%
Małopolskie Tak
88%
Zachodniopomorskie Bug Nie
88%
Małopolskie Kraków Tak
88%
Małopolskie Morskie Oko Tak
88%
Opolskie Odra Tak
88%
Zachodniopomorskie Powiat Gryfiński Tak
88%
Zachodniopomorskie Powiat Zwoleński Nie
88%
Małopolskie Wisła Tak
88%
Opolskie Zalew Porajski Nie
88%
Podlaskie Tak
86%
Podlaskie Nie
86%
Kujawsko-Pomorskie Nie
86%
Łódzkie Nie
86%
Lubelskie Nie
86%
Lubelskie Tak
86%
Lubelskie Nie
86%
Śląskie Tak
86%
Śląskie Nie
86%
Łódzkie Bolimowski Park Krajobrazowy Tak
86%
Kujawsko-Pomorskie Bydgoszcz Tak
86%
Podlaskie Cieszanów Nie
86%
Kujawsko-Pomorskie Gorzów Wielkopolski Nie
86%
Lubelskie Jezioro Mamry Nie
86%
Łódzkie Jezioro Solińskie Nie
86%
Podlaskie Jezioro Włocławskie Nie
86%
Kujawsko-Pomorskie Kozienicki Park Krajobrazowy Nie
86%
Łódzkie Kozłowiecki Park Krajobrazowy Nie
86%
Podlaskie Kraków Nie
86%
Kujawsko-Pomorskie Lipsk Nie
86%
Łódzkie Łódź Tak
86%
Lubelskie Lublin Tak
86%
Śląskie Ogrodzieniec Tak
86%
Lubelskie Opole Nie
86%
Lubelskie Paczków Nie
86%
Lubelskie Powiat Biłgorajski Tak
86%
Łódzkie Powiat Łęczyński Nie
86%
Kujawsko-Pomorskie Powiat Lubliniecki Nie
86%
Lubelskie Powiat Siemiatycki Nie
86%
Łódzkie Rzeszów Nie
86%
Podlaskie Stobrawski Park Krajobrazowy Nie
86%
Lubelskie Warta Nie
86%
Kujawsko-Pomorskie Wieprz Nie
86%
Podlaskie Wisła Nie
86%
Kujawsko-Pomorskie Zalew Goczałkowicki Nie
86%
Pomorskie Tak
83%
Pomorskie Tak
83%
Warmińsko-Mazurskie Tak
83%
Warmińsko-Mazurskie Nie
83%
Lubuskie Tak
83%
Lubuskie Tak
83%
Lubuskie Nie
83%
Świętokrzyskie Tak
83%
Świętokrzyskie Nie
83%
Świętokrzyskie Drzewica Nie
83%
Pomorskie Gdańsk Tak
83%
Warmińsko-Mazurskie Jelcz-Laskowice Nie
83%
Lubuskie Jezioro Błędno Nie
83%
Warmińsko-Mazurskie Jezioro Mamry Tak
83%
Warmińsko-Mazurskie Jezioro Rożnowskie Nie
83%
Pomorskie Kaszubski Park Krajobrazowy Tak
83%
Warmińsko-Mazurskie Katowice Nie
83%
Świętokrzyskie Kielce Tak
83%
Warmińsko-Mazurskie Olsztyn Tak
83%
Warmińsko-Mazurskie Pilica Nie
83%
Świętokrzyskie Pilica Nie
83%
Pomorskie Powiat Bytowski Tak
83%
Warmińsko-Mazurskie Powiat Grajewski Nie
83%
Lubuskie Powiat Poddębicki Nie
83%
Świętokrzyskie Poznań Nie
83%
Lubuskie Zielona Góra Tak
83%
Wielkopolskie Tak
82%
Wielkopolskie Jezioro Sławskie Nie
82%
Wielkopolskie Powiat Proszowicki Nie
82%
Wielkopolskie Terespol Nie
82%
Zachodniopomorskie Nie
75%
Opolskie Tak
75%
Małopolskie Nie
75%
Małopolskie Nie
75%
Podkarpackie Tak
75%
Małopolskie Bóbr Nie
75%
Podkarpackie Czarnorzecko-Strzyżowski Park Krajobrazowy Tak
75%
Zachodniopomorskie Jezioro Dąbie Tak
75%
Małopolskie Jezioro Jamno Nie
75%
Podkarpackie Jezioro Solińskie Tak
75%
Małopolskie Kielce Nie
75%
Zachodniopomorskie Odra Tak
75%
Opolskie Opole Tak
75%
Małopolskie Park Krajobrazowy Gór Sowich Nie
75%
Opolskie Powiat Kędzierzyńsko-Kozielski Tak
75%
Podkarpackie Powiat Leski Tak
75%
Mazowieckie Skarszewy Nie
75%
Małopolskie Toszek Nie
75%
Wielkopolskie Nie
73%
Wielkopolskie Powiat Szamotulski Tak
73%
Podlaskie Nie
71%
Kujawsko-Pomorskie Nie
71%
Kujawsko-Pomorskie Tak
71%
Łódzkie Tak
71%
Lubelskie Tak
71%
Podlaskie Białystok Tak
71%
Kujawsko-Pomorskie Brda Tak
71%
Łódzkie Golina Nie
71%
Łódzkie Odra Nie
71%
Śląskie Park Lasy Janowskie Nie
71%
Łódzkie Powiat Łęczycki Tak
71%
Podlaskie Powiat Żuromiński Nie
71%
Warmińsko-Mazurskie Nie
67%
Pomorskie Brusy Tak
67%
Świętokrzyskie Park Krajobrazowy Orlich Gniazd Nie
67%
Warmińsko-Mazurskie Powiat Mrągowski Tak
67%
Lubuskie Powiat Świebodziński Tak
67%
Pomorskie Wisła Tak
67%
Świętokrzyskie Zalew Sulejowski Nie
67%
Wielkopolskie Tak
64%
Wielkopolskie Nadwarciański Park Krajobrazowy Tak
64%
Zachodniopomorskie Tak
63%
Mazowieckie Tak
63%
Opolskie Tak
63%
Małopolskie Tak
63%
Mazowieckie Jezioro Zegrzyńskie Tak
63%
Małopolskie Nowy Wiśnicz Tak
63%
Małopolskie Powiat Ostrzeszowski Nie
63%
Mazowieckie Powiat Wyszkowski Tak
63%
Małopolskie Puszcza Niepołomicka Tak
63%
Łódzkie Nie
57%
Kujawsko-Pomorskie Brodnicki Park Krajobrazowy Tak
57%
Lubelskie Czemierniki Tak
57%
Kujawsko-Pomorskie Jezioro Gopło Tak
57%
Podlaskie Jezioro Wigry Tak
57%
Podlaskie Narew Tak
57%
Śląskie Odra Tak
57%
Lubelskie Park Krajobrazowy Chełmy Nie
57%
Kujawsko-Pomorskie Powiat Rypiński Tak
57%
Podlaskie Powiat Wysokomazowiecki Tak
57%
Podlaskie Supraśl Tak
57%
Świętokrzyskie Nie
50%
Lubuskie Bóbr Tak
50%
Świętokrzyskie Nida Tak
50%
Dolnośląskie Nysa Łużycka Tak
50%
Opolskie Otmuchów Tak
50%
Dolnośląskie Powiat Nakielski Nie
50%
Dolnośląskie Powiat Oławski Tak
50%
Świętokrzyskie Powiat Ostrowiecki Tak
50%
Małopolskie Powiat Suski Tak
50%
Świętokrzyskie Powiat Szydłowiecki Nie
50%
Warmińsko-Mazurskie Sieradowicki Park Krajobrazowy Nie
50%
Dolnośląskie Ślężański Park Krajobrazowy Tak
50%
Wielkopolskie Rogoźno Tak
45%
Podlaskie Tak
43%
Kujawsko-Pomorskie Tak
43%
Łódzkie Tak
43%
Podlaskie Puszcza Knyszyńska Tak
43%
Mazowieckie Narew Tak
38%
Mazowieckie Puszcza Mariańska Tak
38%
Opolskie Stobrawski Park Krajobrazowy Tak
38%
Świętokrzyskie Tak
33%
Warmińsko-Mazurskie Łyna Tak
33%
Lubuskie Park Krajobrazowy Łuk Mużakowa Tak
33%
Warmińsko-Mazurskie Pasłęk Tak
33%
Łódzkie Jezioro Jeziorsko Tak
29%
Śląskie Park Świerklaniec Tak
29%
Kujawsko-Pomorskie Szubin Tak
29%
Łódzkie Widawka Tak
29%
Śląskie Zalew Porajski Tak
29%
Łódzkie Zelów Tak
29%
Opolskie Jezioro Turawskie Tak
25%
Podkarpackie Kańczuga Tak
25%
Mazowieckie Pilawa Tak
25%
Warmińsko-Mazurskie Tak
17%
Lubuskie Gozdnica Tak
17%
Świętokrzyskie Jezioro Chańcza Tak
17%
Lubuskie Jezioro Sławskie Tak
17%
Warmińsko-Mazurskie Park Krajobrazowy Puszczy Rominckiej Tak
17%
Świętokrzyskie Sieradowicki Park Krajobrazowy Tak
17%
Świętokrzyskie Zawichost Tak
17%
Lubelskie Strzelecki Park Krajobrazowy Tak
14%
Lubelskie Tanew Tak
14%
Wielkopolskie Jezioro Błędno Tak
9%
Dolnośląskie Tak
0%
Dolnośląskie Nie
0%
Zachodniopomorskie Iński Park Krajobrazowy Tak
0%
Dolnośląskie Jezioro Pilchowickie Tak
0%
Lubelskie Jezioro Sodoma Tak
0%
Zachodniopomorskie Sianów Tak
0%
Nie znaleziono quizów pasujących do podanych kryteriów
Rozkład punktacji
Procent ludzi z każdym wynikiem
Percentyl według liczby udzielonych odpowiedzi
Twoja historia wyników
Nie rozwiązałeś tego quizu